000 00823nam a22002057a 4500
999 _c11083
_d11083
003 AR-CdUCM
008 190402b ||||| |||| 00| 0 spa d
040 _aMUNICIPALIDAD PROVINCIAL DEL CUSCO
_cBIBLIOTECA MUNICIPAL DEL CUSCO
082 _a614.2 /
_bL32 / 1943
100 _aLazarte, Juan
_928231
245 _aProblemas de medicina social /
260 _aBuenos Aires :
_bAmericalee,
_c1943.
300 _a185 páginas ;
_c20 cm.
505 _aContenido: La medicina social -- La organización del trabajo colectivo -- Los ensayos particulares y las cooperativas medicas -- La evolución técnica de la medicina -- Organización social de la medicina ...
650 _aMedicina social
_922686
650 _aOrganización social
_97806
650 _aHigiénico-Sanitario
_928232
942 _2ddc
_cLIBROS
945 _aacv